000
00252nam a22001097a 4500
020
_a
0133760057
082
_a
657.70FRA
100
_a
FRAILEY,L.E
_9
6113
245
_a
Hand Book of Business Letters
300
_a
X1,772pg
_b
index,Bibliograph
942
_c
BK
999
_c
20240
_d
20240